L.D. Gabrielis de Parexa et Quesada in supremo sanctissimae inquisitions. Senatu Pauperum Advocati & in aliis hujus Regiae Curiae caufarum Patroni,De universa Instrumentorum Editione. (Record no. 10921)
[ view plain ]
| 000 -CABECERA | |
|---|---|
| campo de control de longitud fija | 02334nam a22002657a 4500 |
| 001 - NÚMERO DE CONTROL | |
| campo de control | BRCA_9299 |
| 003 - IDENTIFICADOR DEL NÚMERO DE CONTROL | |
| campo de control | FranzMayer |
| 005 - FECHA Y HORA DE LA ÚLTIMA TRANSACCIÓN | |
| campo de control | 20230726134606.0 |
| 008 - DATOS DE LONGITUD FIJA--INFORMACIÓN GENERAL | |
| campo de control de longitud fija | 230726b |||||||| |||| 00| 0 eng d |
| 040 ## - FUENTE DE LA CATALOGACIÓN | |
| Centro catalogador/agencia de origen | MFM |
| Lengua de catalogación | esp |
| Centro/agencia transcriptor | MFM |
| 050 #4 - SIGNATURA TOPOGRÁFICA DE LA BIBLIOTECA DEL CONGRESO | |
| Número de clasificación | LM49 |
| Número de documento/Ítem | P37 1751 |
| 082 ## - NÚMERO DE LA CLASIFICACIÓN DECIMAL DEWEY | |
| Número de edición | CR3499 |
| 100 1# - ENTRADA PRINCIPAL--NOMBRE DE PERSONA | |
| Código de función/relación | Autor |
| Nombre de persona | Parexa de Quesada, Gabrielis |
| 9 (RLIN) | 28982 |
| 240 1# - TÍTULO UNIFORME | |
| Título uniforme | L. D. Gabrielis de Parexa et Quesada in supremo sanctissimae inquisitions. Senatu Pauperum Advocati & in aliis hujus Regiae Curiae caufarum Patroni, De universa Instrumentorum Editione. |
| Medio | Tomus Secundus. In quo quinque pofteriores Títuli enucleantur, totaque Editionis materia ad praxim & ftylum hodiernum accommodata, indifeffoque labore in fimul junsta confpicitur. Opus fane Indicibus, tam Ecclefiafticis, quam Saecularibus, Congefforibus. Advocatis & aliis in utroque foro verfantibus utiliffimum |
| Lenguaje de la obra | Latín |
| 245 0# - MENCIÓN DE TÍTULO | |
| Título | L.D. Gabrielis de Parexa et Quesada in supremo sanctissimae inquisitions. Senatu Pauperum Advocati & in aliis hujus Regiae Curiae caufarum Patroni,De universa Instrumentorum Editione. |
| Resto del título | Tomus Secundus. In quo quinque pofteriores Títuli encleantur, totaque Editionis materia ad praxim & ftylum hodiernum accommodata, indifeffoque labore in fimul junsta confpicitur. Opus fane indicibus, tam Ecclefiafticis, quam Secularibus, Confefforibus. Adbvocatis & aliis in utroque foro verfantibus utiliffinum. |
| 250 ## - MENCIÓN DE EDICIÓN | |
| Mención de edición | Edición novena |
| 260 ## - PUBLICACIÓN, DISTRIBUCIÓN, ETC. | |
| Lugar de publicación, distribución, etc. | Lugduni |
| Nombre del editor, distribuidor, etc. | Sumptibus Petri Bruyset & Sociorum |
| Fecha de publicación, distribución, etc. | 1751 |
| 300 ## - DESCRIPCIÓN FÍSICA | |
| Extensión | 246 p |
| Dimensiones | 37 cm |
| 440 ## - MENCIÓN DE SERIE/PUNTO DE ACCESO ADICIONAL--TÍTULO | |
| Título | L.D. Gabrielis de Parexa et Quesada in supremo sanctissimae inquisitionis. Senatu Pauperum Advocati & in aliis huju Regiae Curiae caufarum Patroni. De Universa Insstrumentorum Editione |
| Número de parte o sección de la obra | Tomus Secundus |
| Nombre de parte o sección de la obra | In quo quinque pofteriores Titulli enucleantur, totaque Editions materia ad praxim & flylum hodiernum accommodata, indefeffoque labore in fimul juncta confpicitur. Opus fane Judicibus, tam Ecclefiafticis, quam Saecularibus, Confefforibus Advocatis & aliis i utroque foro verfantibus utiliffmum. |
| Designación de volumen o secuencia | Vol II. |
| 9 (RLIN) | 28983 |
| 500 ## - NOTA GENERAL | |
| Nota general | Con privilegio de la Corona |
| 505 0# - NOTA DE CONTENIDO CON FORMATO | |
| Nota de contenido con formato | Texto en: latínDirigido a: historiadores, sociólogos y antropólogos.Incluye índice temático. |
| 650 1# - PUNTO DE ACCESO ADICIONAL DE MATERIA--TÉRMINO DE MATERIA | |
| Fuente del encabezamiento o término | Realeza |
| Término de materia o nombre geográfico como elemento de entrada | Herencia |
| Subdivisión de forma | Provincias |
| 9 (RLIN) | 28984 |
| 651 2# - PUNTO DE ACCESO ADICIONAL DE MATERIA--NOMBRE GEOGRÁFICO | |
| Fuente del encabezamiento o término | Títulos de honor |
| Nombre geográfico | Títulos de realeza |
| Subdivisión de forma | Haciendas |
| 9 (RLIN) | 28985 |
| 942 ## - ELEMENTOS DE PUNTO DE ACCESO ADICIONAL (KOHA) | |
| Fuente del sistema de clasificación o colocación | Library of Congress Classification |
| Tipo de ítem Koha | Libros |
| Estado de retiro | Estado de pérdida | Fuente del sistema de clasificación o colocación | Estado dañado | No para préstamo | Código de colección | Localización permanente | Ubicación/localización actual | Fecha de adquisición | Fuente de adquisición | Total de préstamos | Signatura topográfica completa | Código de barras | Fecha visto por última vez | Precio válido a partir de | Tipo de ítem Koha |
|---|---|---|---|---|---|---|---|---|---|---|---|---|---|---|---|
| El ejemplar forma parte de la colección y puede ser consultado según las políticas vigentes. | Library of Congress Classification | Conventual Franz Mayer | Biblioteca del Museo Franz Mayer (Rogerio Casas-Alatriste) | Biblioteca del Museo Franz Mayer (Rogerio Casas-Alatriste) | 26/07/2023 | Donación | LM49 P37 1751 | CFM00535 | 26/07/2023 | 26/07/2023 | Libros |